Избранные произведения. Т. 1: Роман, повести (Запись № 13497749)

Подробности
000 -МАРКЕР
контрольное поле 01948nam2a2200277 4500
001 - ИДЕНТИФИКАТОР ЗАПИСИ
контрольное поле RU\NLR\BIBL_A\022641715
005 - ИДЕНТИФИКАТОР ВЕРСИИ
контрольное поле 20251211093246.0
010 ## - МЕЖДУНАРОДНЫЙ СТАНДАРТНЫЙ НОМЕР КНИГИ (ISBN)
Номер (ISBN) 978-5-7608-1040-3
021 ## - НОМЕР ГОСУДАРСТВЕННОЙ РЕГИСТРАЦИИ
Код страны Российская Федерация
Номер КН-П-25-050490
Номер Листа государственной регистраци КН-П-25-4886
035 ## - ДРУГИЕ СИСТЕМНЫЕ НОМЕРА
Идентификатор записи (NLR Aleph) 022641715
100 ## - ДАННЫЕ ОБЩЕЙ ОБРАБОТКИ
Данные общей обработки 20251010d2025 u y0rusy50 ca
101 0# - ЯЗЫК РЕСУРСА
Язык текста, звукозаписи и т.д. русский
102 ## - СТРАНА ПУБЛИКАЦИИ ИЛИ ПРОИЗВОДСТВА
Страна публикации Российская Федерация
105 ## - ПОЛЕ КОДИРОВАННЫХ ДАННЫХ: ТЕКСТОВЫЕ МАТЕРИАЛЫ, МОНОГРАФИЧЕСКИЕ
Кодированные данные о монографическом текстовом документе y z 000ay
200 1# - ЗАГЛАВИЕ И СВЕДЕНИЯ ОБ ОТВЕТСТВЕННОСТИ
Основное заглавие Роман, повести
210 ## - ПУБЛИКАЦИЯ, РАСПРОСТРАНЕНИЕ И ДР.
Дата издания, распространения и т.д. 2025
215 ## - ФИЗИЧЕСКАЯ ХАРАКТЕРИСТИКА
Специфическое обозначение материала и объем 566 с.
327 1# - ПРИМЕЧАНИЯ О СОДЕРЖАНИИ
Текст примечания Содерж.: Приземляющийся на четыре лапы : роман ; повести: Шаги по земле предков ; Добро пожаловать в рай!.. ; Солнце смеется... ; Вкус меда
327 1# - ПРИМЕЧАНИЯ О СОДЕРЖАНИИ
Текст примечания В кн. также вступ. ст.: Станица Кужора – и мир в придачу : [об Анатолии Савельевиче Пренко] / Кирилл Анкудинов
461 #0 - УРОВЕНЬ НАБОРА
Встроенное поле 001RU\NLR\BIBL_A\022641709
-- 2001#$aИзбранные произведения$eв двух томах$fАнатолий Пренко$g[редактор: М. Ю. Агирова]$vТ. 1
-- 700#1$aПренко$bА. С.$gАнатолий Савельевич
Системный номер (АБИС) связанной записи 13497748
Автор Пренко, А. С.
Место публикации Майкоп
Дата публикации 2025–
Первые сведения об ответственности Анатолий Пренко
Имя издателя, распространителя и т.д. Адыгейское республиканское книжное изд-во
Сведения, относящиеся к заглавию в двух томах
Заглавие Избранные произведения
Номер тома Т. 1
464 #0 - АНАЛИТИЧЕСКИЙ УРОВЕНЬ
Встроенное поле 2001#$aСтаница Кужора – и мир в придачу$e[об Анатолии Савельевиче Пренко]$fКирилл Анкудинов
-- 700#1$aАнкудинов$bК. Н.$f1970-$gКирилл Николаевич
Заглавие Станица Кужора – и мир в придачу
Автор Анкудинов, Кирилл Николаевич (1970-)
942 ## - ДОПОЛНИТЕЛЬНЫЕ ЭЛЕМЕНТЫ ЗАПИСИ (АБИС)
Тип экземпляра АБИС Книга
980 ## - КОЛЛЕКЦИЯ
Название коллекции Национальная библиография

Нет доступных экземпляров.